000 00777nam a2200289Ia 4500
005 20260324145328.0
008 008 260324s9999 xx 000 0 eng d
020 _a9781351057387
037 _aEBOOK
040 _aCRL
040 _beng
040 _cCRL
041 _2eng
041 _aeng
084 _qCRL
100 _aHoward Malchow
_91222575
245 0 _aAgitators and Promoters in the Age of Gladstone and Disraeli
245 2 _bA Biographical Dictionary of the Leaders of British Pressure Groups Founded Between 1865 and 1886
260 _bTaylor and Francis
260 _c1983
365 _a
365 _b130
856 _uhttp://www.taylorfrancis.com/books/9781351057387
942 _cEBOOK
999 _c1830324
_d1830324